Camino de perfección. (Record no. 176246)
[ view plain ]
| 000 -LEADER | |
|---|---|
| campo de control de longitud fija | 00949nam a2200241 i 4500 |
| 001 - NÚMERO DE CONTROL | |
| campo de control | 176246 |
| 003 - IDENTIFICADOR DE NÚMERO DE CONTROL | |
| campo de control | ES-MaACL |
| 005 - FECHA Y HORA DE LA ÚLTIMA TRANSACCIÓN | |
| campo de control | 20250822061909.0 |
| 008 - DATOS DE LONGITUD FIJA--INFORMACIÓN GENERAL | |
| campo de control de longitud fija | 101228s1956 sp |||| | spa d |
| 080 ## - NÚMERO DE LA CLASIFICACIÓN DECIMAL UNIVERSAL | |
| Número de la Clasificación Decimal Universal | 821.134.2-97"15" |
| 080 ## - NÚMERO DE LA CLASIFICACIÓN DECIMAL UNIVERSAL | |
| Número de la Clasificación Decimal Universal | 27-29 |
| 100 0# - ENTRADA PRINCIPAL--NOMBRE DE PERSONA | |
| Nombre de persona | Teresa de Jesús, |
| Títulos y otros términos asociados al nombre | Santa, |
| Fechas asociadas al nombre | 1515-1582 |
| 9 (RLIN) | 226510 |
| 245 10 - MENCIÓN DEL TÍTULO | |
| Título | Camino de perfección. |
| Número de parte o sección de la obra | I |
| Resto del título | : reproducción fidelísima del autógrafo de El Escorial con las variantes del autógrafo vallisoletano, precedido de una introducción / |
| Mención de responsabilidad, etc. | Santa Teresa de Jesús ; edición, introducción y notas de José María Aguado. |
| 250 ## - MENCION DE EDICION | |
| Mención de edición | 3ª ed. |
| 260 ## - PUBLICACIÓN, DISTRIBUCIÓN, ETC. | |
| Lugar de publicación, distribución, etc. | Madrid : |
| Nombre del editor, distribuidor, etc. | Espasa-Calpe, |
| Fecha de publicación, distribución, etc. | 1956. |
| 300 ## - DESCRIPCIÓN FÍSICA | |
| Extensión | XL, 173 p. ; |
| Dimensiones | 20 cm. |
| 490 1# - MENCIÓN DE SERIE | |
| Mención de serie | Clásicos castellanos ; |
| Designación de volumen o secuencia | 98 |
| 650 #4 - PUNTO DE ACCESO ADICIONAL DE MATERIA--TÉRMINO DE MATERIA | |
| Término de materia o nombre geográfico como elemento de entrada | Ascetismo. |
| 9 (RLIN) | 10365 |
| 700 1# - ENTRADA AGREGADA--NOMBRE PERSONAL | |
| Nombre de persona | Aguado, José María. |
| 9 (RLIN) | 18607 |
| 830 00 - PUNTO DE ACCESO ADICIONAL DE SERIE-TÍTULO UNIFORME | |
| Título uniforme | Clásicos castellanos (Espasa-Calpe) |
| Designación de volumen o secuencia | 98 |
| 9 (RLIN) | 183802 |
| 852 ## - LOCALIZACIÓN | |
| Ubicación | ES-MaACL |
| Número de control de estantería | E-13910 |
| Encuadernación | Olim P-94 |
| Estatus retirado | Estado de pérdida | Estado de daño | No para préstamo | Biblioteca de origen | Biblioteca actual | Ubicación en estantería | Fecha de adquisición | Fuente de adquisición | Total de préstamos | Signatura topográfica completa | Código de barras | Visto por última vez | Precio de reemplazo | Tipo de ítem Koha |
|---|---|---|---|---|---|---|---|---|---|---|---|---|---|---|
| Biblioteca del Ateneo de Madrid | Biblioteca del Ateneo de Madrid | Depósito 2 | 28/12/2010 | E-13910 | 1185097 | 23/02/2023 | 23/02/2023 | Libro impreso |
